000 02321nam a2200325 i 4500
001 000007218
003 DO-SdBNP
005 20240520095734.0
007 ta
008 090907s19? dr a 001 0 spa d
040 _aDO-SdBNP
_bspa
_cBNPHU
_erda
082 _a460.071
_bM777g
_222
245 1 0 _aCuenta conmigo! Español 7 :
_bguía didáctica /
_cLiliana Montenegro, Ana M. Haché de Yunén; ilustradora Marta de Olloqui
246 _aGuía didáctica:
_b¡cuenta conmigo! español 7
264 _aSanto Domingo :
_bPUCMM-EDUCA/PIPE,
_c[sin fecha]
300 _a150 paginas. :
_bilustraciones. ;
_c22 cm.
336 _2rdacontent
_atexto
_btxt
337 _2rdamedia
_asin mediación
_bn
338 _2rdacarriaer
_avolumen
_bnc
500 _aLa biblioteca posee 7
505 _aUnidad I: Encuentros 1|1. Lectura comprensiva 2|2. Vocabulario 7|3. Gramática 10|4. Ortografía 12|5. Expresión oral y escrita 14|Respuestas de la Unidad I para el libro 17|Respuestas de la Unidad I para el cuaderno de trabajo 26|Unidad II: La madre naturaleza 32|1. Lectura comprensiva 33|2. Vocabulario 36|3. Gramática 37|4. Ortografía 39|5. Expresión oral y escrita 39|Respuestas de la Unidad II para el libro 42|Respuestas de la Unidad II para el cuaderno de trabajo 52|Unidad III: Hombro con hombro 59|1. Lectura comprensiva 60|2. Vocabulario 64|3. Gramática 66|4. Ortografía 68|5. Expresión oral y escrita 70|Respuestas de la Unidad III para el libro 74|Respuestas de la Unidad III para el cuaderno de trabajo 86|Unidad IV: Con otros ojos 93|1. Lectura comprensiva 94|2. Vocabulario 97|3. Gramática 99|4. Ortografía 101|5. Expresión oral y escrita 102|Respuestas de la Unidad IV para el libro 105|Respuestas de la Unidad IV para el cuaderno de trabajo 118|Unidad V: Otros mundos 125|1. Lectura comprensiva 126|2. Vocabulario 128|3. Gramática 130|4. Ortografía 131|5. Expresión oral y escrita 132|Respuestas de la Unidad V para el libro 134|Respuestas de la Unidad V para el cuaderno de trabajo 145
590 _aInventariado, 2023 / DG
650 0 _aEducación secundaria
_983598
650 4 _aEspañol
_917487
650 0 _aMaestros
_xEnseñanza
_917439
700 1 _aHaché de Yunén, Ana Margarita,
_eautor
_983586
700 1 _aOlloqui, Marta de,
_eilustraciones
_983687
910 _aDG
942 _2ddc
_cLBS1
999 _c53950
_d53950